[Event "IND-ch U13 Girls 35th"]
[Site "Puducherry"]
[Date "2022.12.14"]
[Round "6"]
[White "Sherali, Pattnaik"]
[Black "Sahana, Shainsha"]
[Result "1-0"]
[WhiteElo "1512"]
[BlackElo "1276"]
[PlyCount "83"]
[EventDate "2022.12.11"]
[EventType "swiss"]
[EventRounds "11"]
[EventCountry "IND"]
[SourceTitle "EXT 2024"]
[Source "ChessBase"]
[SourceDate "2023.10.10"]
[SourceVersion "1"]
[SourceVersionDate "2023.10.10"]
[SourceQuality "1"]

1. e4 c5 2. Nf3 d6 3. d4 cxd4 4. Nxd4 Nf6 5. Nc3 a6 6. Be3 e5 7. Nb3 Be6 8. f3 h5 9. Qd2 Nbd7 10. Nd5 Nxd5 11. exd5 Bf5 12. c4 b6 13. Rc1 a5 14. Na1 Rc8 15. Bd3 Bxd3 16. Qxd3 Nc5 17. Qe2 Be7 18. Nc2 0-0 19. 0-0 Bg5 20. f4 exf4 21. Bxf4 g6 22. Qd2 Ne4 23. Qd4 Bxf4 24. Rxf4 Nc5 25. Rcf1 Nd7 26. Na3 Ne5 27. b3 f5 28. Nb5 Rc5 29. Qe3 Re8 30. Qg3 Ng4 31. R4f3 Re5 32. h3 h4 33. Qf4 Nf6 34. Qxh4 Qe7 35. Rg3 Kg7 36. Qg5 Rxb5 37. Qxg6+ Kf8 38. cxb5 Rxd5 39. Rxf5 Rxf5 40. Qxf5 Ke8 41. Rg6 Kf7 42. Rxf6+ 1-0